000 00624nam a2200157 i 4500
001 54303
003 ES-MaACL
007 t|
008 931025s1878 sp a ||||1| spa d
100 1 _aFlórez y González, José María.
_951324
245 1 0 _aMemoria relativa a las excavaciones de El Castellón en el concejo de Coaña (Asturias) /
_cpor José María Flórez y González.
260 _aOviedo :
_bDiputación Provincial,
_c1878 (
_fImp. y Lit. de Vicente Brid)
300 _a21 p., [1] h. pleg., [4] h. de lám. ;
_c27 cm.
710 1 _aOviedo (Provincia).
_bDiputación Provincial.
_96085
852 _aES-MaACL
_jT-319-F-5
999 _c54303
_d54303